[Event "Medjimurje Cup"]
[Site "Croatia "]
[Date "2020.03.08"]
[Round "5.1"]
[White "Jancikic, Matija"]
[Black "Makovec, Bruno"]
[Result "0-1"]
[WhiteElo "1883"]
[BlackElo "2251"]
[PlyCount "68"]
[EventDate "2020.02.09"]
[EventType "team-swiss"]
[EventRounds "6"]
[EventCountry "CRO"]
[SourceTitle "CBM 195 Extra"]
[Source "ChessBase"]
[SourceDate "2020.05.31"]
[SourceVersion "1"]
[SourceVersionDate "2020.05.31"]
[SourceQuality "1"]

1. e4 c6 2. d4 d5 3. Nc3 dxe4 4. Nxe4 Nf6 5. Nxf6+ exf6 6. Nf3 Bd6 7. Be2 0-0 8. 0-0 Re8 9. Be3 Nd7 10. c3 Nf8 11. Qc2 Ng6 12. Rfe1 Bg4 13. Rad1 Qc7 14. h3 Be6 15. b3 Qd7 16. Bf1 Bf5 17. Qc1 Bc7 18. Bd2 Be4 19. Nh2 Qd6 20. g3 h5 21. Bg2 Bxg2 22. Kxg2 h4 23. Bf4 Qd5+ 24. f3 Bxf4 25. gxf4 Qf5 26. Rxe8+ Rxe8 27. Re1 Nxf4+ 28. Kh1 Rxe1+ 29. Qxe1 Qxh3 30. Qe8+ Kh7 31. Qe4+ Ng6 32. Qe8 Qg3 33. Qxf7 Qe1+ 34. Kg2 Nf4# 0-1

[Event "Medimurska CupT"]
[Site "Croatia"]
[Date "2019.03.03"]
[Round "4.2"]
[White "Jancikic, Matija"]
[Black "Kovacic, Franjo"]
[Result "0-1"]
[WhiteElo "1896"]
[BlackElo "1744"]
[PlyCount "120"]
[EventDate "2019.02.10"]
[EventType "team-swiss"]
[EventRounds "6"]
[EventCountry "CRO"]
[SourceTitle "EXT 2020"]
[Source "ChessBase"]
[SourceDate "2019.10.17"]
[SourceVersion "1"]
[SourceVersionDate "2019.10.17"]
[SourceQuality "1"]

1. e4 e5 2. Nf3 Nc6 3. Bb5 d6 4. 0-0 Be7 5. Nc3 Nf6 6. Re1 0-0 7. d4 exd4 8. Nxd4 Nxd4 9. Qxd4 a6 10. Bd3 c5 11. Qe3 Ng4 12. Qd2 Bh4 13. g3 Bf6 14. Be2 Bd4 15. Bxg4 Bxg4 16. Qf4 f5 17. Qg5 Qxg5 18. Bxg5 fxe4 19. Rxe4 Bxf2+ 20. Kf1 Bd4+ 21. Ke1 Rae8 22. Rxe8 Rxe8+ 23. Kd2 Bxc3+ 24. Kxc3 Re2 25. h4 Bf5 26. Rc1 b5 27. Bf4 d5 28. b4 d4+ 29. Kb2 c4 30. Bd6 Bxc2 31. Rf1 Bd3+ 32. Kc1 h6 33. Rf4 Rxa2 34. Rxd4 a5 35. bxa5 Rxa5 36. Kd2 Ra2+ 37. Kc3 Ra1 38. Rd5 Rb1 39. Kd2 b4 40. Be5 Rf1 41. Rd7 Rf7 42. Rd8+ Kh7 43. Rb8 b3 44. Kc3 Kg6 45. Rg8 Rb7 46. Kb2 Kh7 47. Rc8 Re7 48. Rc5 Kg6 49. Kc3 Re6 50. Rd5 Ra6 51. Kb2 Re6 52. Kc3 Rb6 53. Kb2 Rb7 54. Rc5 Re7 55. Ra5 Rf7 56. Bf4 Rd7 57. Rc5 Ra7 58. Be5 Ra2+ 59. Kc1 Rc2+ 60. Kb1 c3 0-1

[Event "CRO-chT3 Centar-B"]
[Site "Croatia"]
[Date "2017.05.14"]
[Round "4.3"]
[White "Orak, Tugomir"]
[Black "Jancikic, Matija"]
[Result "1/2-1/2"]
[WhiteElo "1939"]
[BlackElo "1892"]
[PlyCount "53"]
[EventDate "2017.04.02"]
[EventType "team-tourn"]
[EventRounds "9"]
[EventCountry "CRO"]
[SourceTitle "EXT 2019"]
[Source "ChessBase"]
[SourceDate "2018.10.10"]
[SourceVersion "1"]
[SourceVersionDate "2018.10.10"]
[SourceQuality "1"]

1. Nf3 Nf6 2. g3 g6 3. Bg2 Bg7 4. d3 d6 5. e4 c5 6. 0-0 0-0 7. c4 a6 8. Nc3 Bd7 9. a4 Nc6 10. h3 Rb8 11. Bd2 Nb4 12. Ne1 e6 13. Na2 Nxa2 14. Rxa2 b5 15. axb5 axb5 16. b3 Ne8 17. Qc2 b4 18. Be3 Bc6 19. Nf3 Ra8 20. Bg5 f6 21. Be3 e5 22. Rfa1 Nc7 23. Rxa8 Bxa8 24. Ra7 Qb8 25. Qa2 Qb6 26. Ne1 Bc6 27. Qa5 1/2-1/2

[Event "CRO-chT U20 25th"]
[Site "Sv Filip i Jakov"]
[Date "2016.03.25"]
[Round "8.4"]
[White "Haidinger, Erik"]
[Black "Jancikic, Matija"]
[Result "1/2-1/2"]
[WhiteElo "1668"]
[BlackElo "1867"]
[PlyCount "160"]
[EventDate "2016.03.21"]
[EventType "team-tourn"]
[EventRounds "9"]
[EventCountry "CRO"]
[SourceTitle "CBM 171 Extra"]
[Source "ChessBase"]
[SourceDate "2016.04.26"]
[SourceVersion "1"]
[SourceVersionDate "2016.04.26"]
[SourceQuality "1"]

1. e4 e5 2. Nf3 Nc6 3. Bc4 Bc5 4. d3 Nf6 5. c3 a6 6. Bb3 0-0 7. h3 h6 8. Nbd2 d6 9. Nf1 Be6 10. Bc2 d5 11. Qe2 dxe4 12. dxe4 b5 13. g4 Bc4 14. Qd1 Qxd1+ 15. Bxd1 Nxe4 16. Ne3 Be6 17. Bc2 Nd6 18. Nh4 Ne7 19. Nhf5 Nexf5 20. Nxf5 Nxf5 21. gxf5 Bd5 22. Rg1 Kh7 23. b4 Bb6 24. Rg4 f6 25. a4 c5 26. bxc5 Bxc5 27. Ba3 Bxa3 28. Rxa3 Rfc8 29. Rb4 Bc4 30. Be4 Rab8 31. axb5 Rxb5 32. Rxb5 Bxb5 33. Kd2 Rd8+ 34. Kc2 h5 35. h4 Be2 36. Ra1 Rd6 37. Re1 Bc4 38. Ra1 Be2 39. Re1 Bc4 40. Ra1 Bb5 41. Ra3 Kh6 42. Ra1 Bd7 43. Ra3 g6 44. fxg6 f5 45. Bd3 Bc8 46. Ra1 e4 47. Be2 Rxg6 48. Kd2 f4 49. Ra4 Rd6+ 50. Ke1 f3 51. Bd1 Re6 52. Ra5 Bd7 53. c4 Rc6 54. Ba4 Rd6 55. Bxd7 Rxd7 56. Rxa6+ Kg7 57. Re6 Rd4 58. c5 Kf7 59. Re5 Kg6 60. Re6+ Kf7 61. Re5 Kg6 62. c6 Rc4 63. Rg5+ Kh6 64. Re5 Rxc6 65. Rxe4 Rf6 66. Kd2 Kg6 67. Ke3 Ra6 68. Kxf3 Ra3+ 69. Re3 Ra4 70. Kg3 Rg4+ 71. Kh3 Rf4 72. f3 Kf5 73. Kg3 Ra4 74. Rd3 Ra5 75. Rd8 Kg6 76. Re8 Rb5 77. Re3 Kf5 78. f4 Ra5 79. Kf3 Rb5 80. Rd3 Ra5 1/2-1/2

[Event "CRO-chT U20 25th"]
[Site "Sv Filip i Jakov"]
[Date "2016.03.21"]
[Round "2.4"]
[White "Putak, Karlo"]
[Black "Jancikic, Matija"]
[Result "0-1"]
[WhiteElo "1781"]
[BlackElo "1867"]
[PlyCount "50"]
[EventDate "2016.03.21"]
[EventType "team-tourn"]
[EventRounds "9"]
[EventCountry "CRO"]
[SourceTitle "CBM 171 Extra"]
[Source "ChessBase"]
[SourceDate "2016.04.26"]
[SourceVersion "1"]
[SourceVersionDate "2016.04.26"]
[SourceQuality "1"]

1. e4 e5 2. Nf3 Nc6 3. Bc4 Bc5 4. d3 h6 5. Nc3 a6 6. Be3 Bxe3 7. fxe3 d6 8. h3 Na5 9. Bb3 Nxb3 10. axb3 Nf6 11. d4 exd4 12. exd4 0-0 13. Qd3 b5 14. 0-0 Bb7 15. b4 d5 16. Nd2 dxe4 17. Ncxe4 Nxe4 18. Nxe4 Qd5 19. Rae1 f5 20. Rf4 fxe4 21. Rfxe4 Qf5 22. R4e2 Qxd3 23. cxd3 Rf7 24. Re5 Rd8 25. Re7 Kf8 0-1

[Event "CRO-chT U20 24th"]
[Site "Sv Filip i Jakov"]
[Date "2015.04.02"]
[Round "7.3"]
[White "Skoblar, Mate"]
[Black "Jancikic, Matija"]
[Result "0-1"]
[WhiteElo "1463"]
[BlackElo "1895"]
[PlyCount "106"]
[EventDate "2015.03.30"]
[EventType "team-tourn"]
[EventRounds "11"]
[EventCountry "CRO"]
[SourceTitle "CBM 165 Extra"]
[Source "ChessBase"]
[SourceDate "2015.04.21"]
[SourceVersion "1"]
[SourceVersionDate "2015.04.21"]
[SourceQuality "1"]

1. d4 Nf6 2. Nf3 g6 3. c4 c5 4. e3 Bg7 5. Nc3 0-0 6. d5 d6 7. h3 a6 8. Be2 e6 9. e4 exd5 10. exd5 Bf5 11. 0-0 Re8 12. Bg5 h6 13. Bh4 Qb6 14. Bxf6 Bxf6 15. Qd2 Kh7 16. Rfe1 Nd7 17. Na4 Qc7 18. Bd3 Bxd3 19. Qxd3 Ne5 20. Nxe5 Bxe5 21. Nc3 Rab8 22. a4 Qa5 23. Kh1 Qb4 24. Ne4 f5 25. Nc3 Qxb2 26. Ne2 Qb4 27. Reb1 Bxa1 28. Rxb4 cxb4 29. Nf4 Re1+ 30. Kh2 Be5 31. g3 Bxf4 32. gxf4 Re4 33. Kg3 Rc8 34. f3 Rcxc4 35. Qd2 Re7 36. Qb2 Rec7 37. Qf6 Rd7 38. Qe6 Rcc7 39. h4 h5 40. a5 b6 41. axb6 Rb7 42. Qe8 Re7 43. Qc6 b3 44. Qxd6 Red7 45. Qb4 Rxd5 46. Qxb3 Rb5 47. Qa4 R5xb6 48. Qa5 Re6 49. Qd5 Rbe7 50. Qc5 Rb7 51. Kf2 Rb5 52. Qc3 a5 53. Qd4 Rbb6 0-1

[Event "CRO-chT U20 24th"]
[Site "Sv Filip i Jakov"]
[Date "2015.03.30"]
[Round "2.6"]
[White "Krsnik Cohar, Ivan Vihor"]
[Black "Jancikic, Matija"]
[Result "1-0"]
[WhiteElo "2283"]
[BlackElo "1895"]
[PlyCount "85"]
[EventDate "2015.03.30"]
[EventType "team-tourn"]
[EventRounds "11"]
[EventCountry "CRO"]
[SourceTitle "CBM 165 Extra"]
[Source "ChessBase"]
[SourceDate "2015.04.21"]
[SourceVersion "1"]
[SourceVersionDate "2015.04.21"]
[SourceQuality "1"]

1. d4 g6 2. Bg5 Bg7 3. e3 Nf6 4. Nd2 0-0 5. Ngf3 d6 6. Bc4 c5 7. c3 a6 8. 0-0 b5 9. Bd3 Bb7 10. Qe2 Nbd7 11. Rad1 Rc8 12. Rfe1 Re8 13. e4 h6 14. Bxf6 Nxf6 15. Nf1 cxd4 16. cxd4 Nh5 17. Qe3 Qb6 18. e5 dxe5 19. Nxe5 Bxe5 20. Qxe5 Qf6 21. Qe3 Nf4 22. Be4 Bxe4 23. Qxe4 Qg5 24. Ne3 e6 25. Qf3 Nd5 26. Ng4 h5 27. Ne5 Qf6 28. Qb3 Rc7 29. a4 b4 30. Nc4 Qe7 31. Nd2 Nf6 32. Qd3 Qd6 33. Nb3 Rd8 34. Qe2 Nd7 35. Rd2 Rdc8 36. g3 Qc6 37. a5 Qc4 38. Qf3 Qb5 39. d5 exd5 40. Re7 Rf8 41. Rxd5 Qc6 42. Qd3 Nf6 43. Rd6 1-0

[Event "CRO-chT4B Center North"]
[Site "Croatia"]
[Date "2014.05.04"]
[Round "4.2"]
[White "Spiranec, Noemi"]
[Black "Jancikic, Matija"]
[Result "1-0"]
[WhiteElo "1706"]
[BlackElo "1754"]
[PlyCount "91"]
[EventDate "2014.04.06"]
[EventType "team-tourn"]
[EventRounds "9"]
[EventCountry "CRO"]
[SourceTitle "EXT 2019"]
[Source "ChessBase"]
[SourceDate "2018.10.10"]
[SourceVersion "1"]
[SourceVersionDate "2018.10.10"]
[SourceQuality "1"]

1. e4 e5 2. Nf3 Nc6 3. Bb5 a6 4. Ba4 Nf6 5. Qe2 b5 6. Bb3 Bc5 7. c3 d6 8. h3 0-0 9. d3 h6 10. g4 Nh7 11. Nbd2 Ne7 12. Nf1 Ng6 13. Ng3 Nh4 14. Nxh4 Qxh4 15. Bd2 Ng5 16. Bxg5 Qxg5 17. Rd1 Bd7 18. Qd2 Qf6 19. 0-0 a5 20. Kh2 a4 21. Bc2 Be6 22. Bb1 Qh4 23. Qe2 g6 24. d4 exd4 25. cxd4 Bb6 26. f4 Bd7 27. f5 Rae8 28. Qc2 Qe7 29. f6 Qd8 30. Qd2 Kh7 31. Qf4 Bc8 32. g5 Qd7 33. Qh4 h5 34. Nxh5 Rh8 35. Nf4+ Kg8 36. Qg3 c5 37. e5 cxd4 38. e6 fxe6 39. Nxg6 d5 40. Nxh8 Bc7 41. f7+ Kg7 42. Rf4 Rxh8 43. Qf2 Bxf4+ 44. Qxf4 Rxh3+ 45. Kg2 Qd8 46. f8Q+ 1-0

[Event "CRO-chT U20 23rd"]
[Site "Sv Filip i Jakov"]
[Date "2014.04.16"]
[Round "5.6"]
[White "Jancikic, Matija"]
[Black "Cenkovcan, Andrija"]
[Result "0-1"]
[WhiteElo "1784"]
[BlackElo "1933"]
[PlyCount "80"]
[EventDate "2014.04.14"]
[EventType "team-tourn"]
[EventRounds "11"]
[EventCountry "CRO"]
[SourceTitle "EXT 2016"]
[Source "ChessBase"]
[SourceDate "2015.10.08"]
[SourceVersion "1"]
[SourceVersionDate "2015.10.08"]
[SourceQuality "1"]

1. e4 e6 2. d4 d5 3. Nc3 Nf6 4. Bg5 Be7 5. Nf3 h6 6. Bxf6 Bxf6 7. Qd2 g5 8. h3 b6 9. exd5 exd5 10. 0-0-0 0-0 11. h4 Bf5 12. hxg5 hxg5 13. Bd3 Be6 14. Rh2 Re8 15. Rdh1 g4 16. Qh6 Bg7 17. Qh7+ Kf8 18. Ne5 a6 19. Kb1 c5 20. f4 gxf3 21. Nxf3 Nc6 22. Rh5 Nxd4 23. Nxd4 cxd4 24. Nd1 Bg4 25. R5h4 Qg5 26. Nf2 Be6 27. g4 Qd2 28. R4h2 Bf5 29. Ne4 Bxh7 30. Nxd2 Bxd3 31. cxd3 Kg8 32. Rh5 Rad8 33. Nf3 Re3 34. Ng5 Rxd3 35. Rf1 Rd7 36. Nf3 Re3 37. Nd2 Re2 38. Nf3 d3 39. Rd1 Rxb2+ 40. Kc1 Rc7# 0-1

[Event "CRO-chT U16 (2013) final"]
[Site "Rijeka"]
[Date "2014.01.11"]
[Round "6"]
[White "Jancikic, Matija"]
[Black "Kauzlaric, Andrija"]
[Result "1-0"]
[WhiteElo "1746"]
[BlackElo "1457"]
[PlyCount "39"]
[EventDate "2014.01.09"]
[EventType "team-tourn"]
[EventRounds "7"]
[EventCountry "CRO"]
[SourceTitle "EXT 2023"]
[Source "ChessBase"]
[SourceDate "2022.10.05"]
[SourceVersion "1"]
[SourceVersionDate "2022.10.05"]
[SourceQuality "1"]

1. e4 c5 2. Nf3 e6 3. d4 cxd4 4. Nxd4 a6 5. Nc3 Qc7 6. Bd3 d6 7. Qe2 Bd7 8. f4 Be7 9. Bd2 Nc6 10. Nxc6 Bxc6 11. Rf1 Bd7 12. 0-0-0 f6 13. g4 g6 14. h3 b5 15. f5 gxf5 16. gxf5 e5 17. Qh5+ Kf8 18. Nd5 Qd8 19. Rg1 Qe8 20. Bh6+ 1-0

[Event "CRO-chT U16 (2013) final"]
[Site "Rijeka"]
[Date "2014.01.10"]
[Round "4"]
[White "Jancikic, Matija"]
[Black "Radojcic, Matko"]
[Result "1-0"]
[WhiteElo "1746"]
[BlackElo "1616"]
[PlyCount "67"]
[EventDate "2014.01.09"]
[EventType "team-tourn"]
[EventRounds "7"]
[EventCountry "CRO"]
[SourceTitle "EXT 2023"]
[Source "ChessBase"]
[SourceDate "2022.10.05"]
[SourceVersion "1"]
[SourceVersionDate "2022.10.05"]
[SourceQuality "1"]

1. e4 e5 2. Nf3 Nc6 3. Bb5 a6 4. Ba4 Nf6 5. 0-0 b5 6. Bb3 Be7 7. Re1 0-0 8. a4 b4 9. d4 Bd6 10. d5 Ne7 11. Nbd2 Ng6 12. Nc4 Qe7 13. Bg5 Rb8 14. a5 Rd8 15. Ba4 Bc5 16. Qd3 d6 17. Ne3 Bxe3 18. Qxe3 h6 19. Bh4 Nxh4 20. Nxh4 Nxd5 21. Qa7 c5 22. Qxb8 Be6 23. Qxd8+ Qxd8 24. exd5 Bxd5 25. Nf5 Qg5 26. Ng3 f5 27. Rad1 Bb7 28. f3 f4 29. Ne4 Qe7 30. Nxd6 Qc7 31. Rxe5 Qxa5 32. Bb3+ Kh7 33. Nxb7 Qb6 34. Nxc5 1-0

[Event "CRO-chT U16 (2013) final"]
[Site "Rijeka"]
[Date "2014.01.09"]
[Round "1"]
[White "Jancikic, Matija"]
[Black "Cotic, Borna"]
[Result "1/2-1/2"]
[WhiteElo "1746"]
[BlackElo "1612"]
[PlyCount "133"]
[EventDate "2014.01.09"]
[EventType "team-tourn"]
[EventRounds "7"]
[EventCountry "CRO"]
[SourceTitle "EXT 2023"]
[Source "ChessBase"]
[SourceDate "2022.10.05"]
[SourceVersion "1"]
[SourceVersionDate "2022.10.05"]
[SourceQuality "1"]

1. e4 e5 2. Nf3 Nc6 3. Bb5 a6 4. Ba4 Nf6 5. d3 d6 6. h3 h6 7. c3 Be7 8. Nbd2 0-0 9. 0-0 Bd7 10. Re1 b5 11. Bc2 Re8 12. d4 exd4 13. cxd4 Bf8 14. Nf1 Re7 15. Ng3 d5 16. e5 Nh7 17. Qd3 g6 18. a3 Rb8 19. Nh5 Bf5 20. Qc3 Bxc2 21. Qxc6 Be4 22. Nf6+ Nxf6 23. Qxf6 Re6 24. Qf4 c6 25. Nd2 g5 26. Qg4 Bg6 27. b4 f5 28. Qe2 Qd7 29. Nb3 Be7 30. Ra2 Rc8 31. Bd2 Bf8 32. Rc1 Ree8 33. Na5 Re6 34. Nb3 Rc7 35. Raa1 Re8 36. Rc3 Re6 37. Rac1 Kg7 38. Qd1 Kg8 39. Na5 Kg7 40. Nb3 Kg8 41. Na1 Kg7 42. Nc2 f4 43. Ne1 Qf7 44. f3 h5 45. Nd3 Bxd3 46. Rxd3 h4 47. Rdc3 Qg6 48. Qc2 Qxc2 49. R1xc2 Kg6 50. Kf2 Kf7 51. Ke2 Ke8 52. Kd1 Kd7 53. Kc1 Be7 54. Kb2 Bd8 55. Rc1 Ra7 56. R3c2 a5 57. Kb3 Bc7 58. Kb2 Ra6 59. Kb1 Re8 60. Kb2 axb4 61. Bxb4 Bd8 62. Ra1 Be7 63. Rcc1 Bxb4 64. axb4 Rea8 65. Rxa6 Rxa6 66. Ra1 Rxa1 67. Kxa1 1/2-1/2

[Event "Valpovo op U20"]
[Site "Valpovo"]
[Date "2013.12.08"]
[Round "7"]
[White "Jancikic, Matija"]
[Black "Cenkovcan, Andrija"]
[Result "0-1"]
[WhiteElo "1746"]
[BlackElo "1933"]
[PlyCount "60"]
[EventDate "2013.12.06"]
[EventType "swiss"]
[EventRounds "7"]
[EventCountry "CRO"]
[SourceTitle "CBM 157 Extra"]
[Source "ChessBase"]
[SourceDate "2013.12.19"]
[SourceVersion "1"]
[SourceVersionDate "2013.12.19"]
[SourceQuality "1"]

1. e4 e6 2. d4 d5 3. exd5 exd5 4. Bd3 Nc6 5. Nf3 Bd6 6. h3 Nge7 7. 0-0 Be6 8. Be3 Qd7 9. Ng5 Bf5 10. Bxf5 Qxf5 11. c3 f6 12. Nf3 g5 13. Na3 a6 14. Qc2 Qd7 15. Nh2 h5 16. c4 g4 17. cxd5 Nb4 18. Qe4 gxh3 19. Nc4 hxg2 20. Nxd6+ Qxd6 21. Rfc1 Nbxd5 22. Rc2 0-0-0 23. Rac1 c6 24. Bd2 Rhg8 25. Ba5 Rde8 26. Qf3 Nf4 27. Bb4 Qxb4 28. Qxf4 Nd5 29. Rxc6+ bxc6 30. Rxc6+ Kb7 0-1

[Event "CRO-chT4B Center North"]
[Site "Croatia"]
[Date "2013.05.05"]
[Round "4.4"]
[White "Kovacic, Franjo1111"]
[Black "Jancikic, Matija"]
[Result "0-1"]
[WhiteElo "1778"]
[BlackElo "1744"]
[PlyCount "66"]
[EventDate "2013.04.14"]
[EventType "team-tourn"]
[EventRounds "9"]
[EventCountry "CRO"]
[SourceTitle "EXT 2019"]
[Source "ChessBase"]
[SourceDate "2018.10.10"]
[SourceVersion "1"]
[SourceVersionDate "2018.10.10"]
[SourceQuality "1"]

1. e4 e5 2. Nf3 Nc6 3. Bb5 Bc5 4. c3 Nf6 5. d3 0-0 6. 0-0 d6 7. h3 h6 8. a4 a6 9. Bc4 Qe7 10. b4 Ba7 11. Re1 Be6 12. Na3 Qd7 13. Bxe6 Qxe6 14. Be3 Bxe3 15. fxe3 Ne7 16. c4 Nd7 17. Qc2 f5 18. exf5 Qxf5 19. Rf1 Qg6 20. e4 Nf6 21. Kh2 Nh5 22. g4 Nf4 23. Rad1 Qf6 24. Qf2 Rf7 25. Nc2 Raf8 26. Nce1 Ne6 27. Qg3 Nc6 28. Nc2 Qxf3 29. Rxf3 Rxf3 30. Qe1 Rf2+ 31. Kg1 Rxc2 32. Rd2 Ncd4 33. Qe3 Rxd2 0-1

[Event "Podturen Mavrin Memorial"]
[Site "Podturen"]
[Date "2013.01.06"]
[Round "7"]
[White "Galoic, Boris"]
[Black "Jancikic, Matija"]
[Result "1-0"]
[WhiteElo "1995"]
[BlackElo "1528"]
[PlyCount "107"]
[EventDate "2013.01.03"]
[EventType "swiss"]
[EventRounds "7"]
[EventCountry "CRO"]
[SourceTitle "CBM 152 Extra"]
[Source "ChessBase"]
[SourceDate "2013.02.25"]
[SourceVersion "1"]
[SourceVersionDate "2013.02.25"]
[SourceQuality "1"]

1. d4 d5 2. Nf3 Nf6 3. e3 e6 4. c4 c5 5. Nc3 cxd4 6. Nxd4 Bb4 7. Qa4+ Nc6 8. Nxc6 Bxc3+ 9. bxc3 bxc6 10. Ba3 Qd7 11. Be2 Ne4 12. Qa5 Bb7 13. 0-0 f6 14. Rad1 Kf7 15. cxd5 cxd5 16. c4 Qd8 17. Qe1 Qc7 18. Rc1 Qb6 19. c5 Qc6 20. f4 Qa4 21. Qb4 Qxb4 22. Bxb4 a5 23. Be1 Nxc5 24. Rxc5 Rhc8 25. Rxa5 Rxa5 26. Bxa5 Rc2 27. Re1 Rxa2 28. Bb6 e5 29. Kf1 Rb2 30. Ba5 Ra2 31. Bb4 Rb2 32. Ba3 Ra2 33. Bc1 Ba6 34. Bxa6 Rxa6 35. Bd2 Ra2 36. Ke2 g5 37. Rb1 Ra7 38. Rb6 Rd7 39. g4 Kg7 40. Rc6 Kf7 41. Ba5 Kg6 42. h3 Rb7 43. Bd8 Rf7 44. Rd6 d4 45. exd4 exd4 46. Rxd4 h5 47. Rd6 hxg4 48. hxg4 Rf8 49. Kd3 Kg7 50. Ke4 Re8+ 51. Kd4 Rf8 52. Kd5 f5 53. Bxg5 fxg4 54. Bh6+ 1-0